Datum a čas kvízu
20
Celkem bodů
Celkový počet nahraných bodů na tomto kvízu bez doplňovacích otázek.
5.
Pořadí na kvízu
Konečné umístění týmu na tomto kvízu.
Zaznamenané odpovědi
| # | Otázka | Odpověď | Body | Výsledky |
|---|---|---|---|---|
| 1. | Který ze zamýšlených uchazečů... | Miroslav Kalousek | 1 | |
| 2. | Armáda jednoho evropského stát... | Švýcarsko | 0 | |
| 3. | V úterý začal pro Čínu nový ro... | znamení Tygra | 1 | |
| 4. | Minulý týden jsme se dozvěděli... | Prima TV | 1 | |
| 5. | První velké překvapení jarní č... | Slavia Praha - MFK Karviná 0:1 | 0 | |
| 6. | Patrně nejznámější čarodějnicí... | Kirké | 0 | |
| 7. | Tento britsko-kanadský seriál... | Čarodějnice školou povinné | 0 | |
| 8. | Nechvalnou součástí historie j... | Salem | 1 | |
| 9. | Rolí Dorotky se ve filmové ada... | Judy Garlandová | 0 | |
| 10. | Hlavní postava malé čarodějnic... | Abraxas | 0 |